Spelling alphabet - Statistics

General Stats
  • This quiz has been taken 7 times
  • The average score is 30 of 84
Answer Stats
Letter Answer % Correct
B (nato) Bravo
100%
C (nato) Charlie
100%
D (nato) Delta
100%
G (nato) Golf
100%
H (nato) Hotel
100%
I (nato) India
100%
K (nato) Kilo
100%
L (nato) Lima
100%
A (nato) Alfa
75%
F (nato) Foxtrot
75%
J (nato) Juliett
75%
M (nato) Mike
75%
N (nato) November
75%
T (nato) Tango
75%
W (nato) Whiskey
75%
X (nato) X-ray
75%
E (nato) Echo
50%
O (nato) Oscar
50%
P (nato) Papa
50%
P (svenska) Petter
50%
P (norsk) Petter
50%
Q (nato) Quebec
50%
R (nato) Romeo
50%
S (nato) Sierra
50%
U (nato) Uniform
50%
V (nato) Victor
50%
Y (nato) Yankee
50%
Z (nato) Zulu
50%
A (svenska) Adam
25%
Æ (norsk) Ærlig
25%
Å (svenska) Åke
25%
Ä (svenska) Ärlig
25%
B (svenska) Bertil
25%
C (svenska) Cesar
25%
D (svenska) David
25%
D (norsk) David
25%
C (norsk) Caesar
25%
G (norsk) Gustav
25%
Q (norsk) Quintus
25%
W (norsk) Dobbelt-v
25%
V (norsk) Enkelt-v
25%
E (svenska) Erik
25%
F (svenska) Filip
25%
G (svenska) Gustav
25%
H (norsk) Harald
25%
I (svenska) Ivar
25%
I (norsk) Ivar
25%
K (svenska) Kalle
25%
L (svenska) Ludvig
25%
L (norsk) Ludvig
25%
M (svenska) Martin
25%
M (norsk) Martin
25%
N (svenska) Niklas
25%
O (svenska) Olof
25%
Ö (svenska) Östen
25%
Ø (norsk) Østen
25%
Q (svenska) Qvintus
25%
R (svenska) Rudolf
25%
S (svenska) Sigurd
25%
U (svenska) Urban
25%
V (svenska) Viktor
25%
W (svenska) Wilhelm
25%
X (svenska) Xerxes
25%
X (norsk) Xerxes
25%
Y (svenska) Yngve
25%
Z (svenska) Zäta
25%
A (norsk) Anna
0%
Å (norsk) Åse
0%
B (norsk) Bernhard
0%
E (norsk) Edith
0%
F (norsk) Fredrik
0%
H (svenska) Helge
0%
J (svenska) Johan
0%
J (norsk) Johan
0%
K (norsk) Karin
0%
N (norsk) Nils
0%
O (norsk) Olivia
0%
R (norsk) Rikard
0%
S (norsk) Sigrid
0%
T (norsk) Teodor
0%
T (svenska) Tore
0%
U (norsk) Ulrik
0%
Y (norsk) Yngling
0%
Z (norsk) Zakarias
0%
No matching quizzes found
Score Distribution
Percent of People with Each Score
Percentile by Number Answered
Your Score History
You have not taken this quiz